1583 1499 1913 1294 1552 1206 1011 1170 1609 1046 1000 1710 1279 1178 1568 1751 1150 1700 1508 1339 1096 1789 1044 1446 1511 1314 1767 1547 1581 1246 1296 1300 1247 1509 1994 1816 1394 1198 1562 1091 1136 1584 1428 1949 1858 1159 1192 1599 1460 1194 1957 1544 1613 1789 1386 1248 1285 1426 1964 1723 1570 1975 1341 1201 1682 1255 1405 1990 1541 1193 1659 1450 1273 1658 1250 1058 1263 1582 1607 1406 1179 1928 1460 1603 1697 1928 1238 1300 1253 1749 1339 1324 1841 1206 1690 1736 1273 1454 1581 BCNSPRNW ULIB Ver.6.0+V

เปลี่ยนเป็นภาษาไทย

Change to English
 แสดงรายละเอียดบรรณานุกรม
  กลับหน้าหลัก

Brief Record : Get Marc (ISO 2709) : E-mail record : QR code < ปิดหน้าต่าง
LEADER : 00000nam 2200000uu 4500
001    13399110985
003     ULIB
008    110614s||||||||th 000 0 tha d
020    9748211436(ล.5)
050  4 AC159^bส631น ล.5 2543
245 00 108 ซองคำถาม.^nเล่ม 5 /^cประวิทย์ สุวณิชย์, บรรณาธิการ
250    พิมพ์ครั้งที่ 2
260    กรุงเทพฯ :^bสารคดี,^c2543
300    189 หน้า :^bภาพประกอบ
650  4 ความรู้ทั่วไป
650  4 รวมเรื่อง
650  4 คำถามและคำตอบ
700 0  ประวิทย์ สุวณิชย์
945    ^p95^l0^i015943
995    ทศพร
999 ^a ใช้งานได้ทุกระบบ
รายการนี้ยังไม่มีแท็ก
คุณยังไม่ได้ล็อกอิน คุณสามารถมีกิจกรรมร่วมกับเว็บไซต์ได้ แต่ต้องล็อกอินก่อน ::
  ล็อกอิน

รายการสื่อสารสนเทศ

ลำดับที่ ประเภท เลขเรียก/บาร์โค้ด สถานที่ สถานะ
- ไม่พบข้อมูล -

รายการใกล้เคียง
    หัวเรื่อง [ความรู้ทั่วไป]
    หัวเรื่อง [รวมเรื่อง]
    หัวเรื่อง [คำถามและคำตอบ]

BibComment


ยังไม่เคยถูกคอมเมนท์

คอมเมนท์ทรัพยากรรายการนี้
  คอมเมนท์: 108 ซองคำถาม เล่ม..


 Copyright 2026. Bcnsprnw @Library